A kis-, és középvállakozások stratégiatervezési hiányosságainak, valamint két adaptálható modellnek a bemutatása

Bibliographic Details
Main Author: Gyöngyösi Noémi Krisztina
Other Authors: Mosolygó-Kiss Ágnes
Format: Project work
Kulcsszavak:Vállalkozás
kivállósági modell
BSc
Online Access:http://dolgozattar.uni-bge.hu/22090

MARC

LEADER 00000nnm a2200000 i 4500
001 dolg22090
005 20190515145706.0
008 190515suuuu hu o 000 hun d
040 |a BGE Dolgozattár Repozitórium  |b hun 
041 |a hu 
100 1 |a Gyöngyösi Noémi Krisztina 
245 1 2 |a A kis-, és középvállakozások stratégiatervezési hiányosságainak, valamint két adaptálható modellnek a bemutatása  |c Gyöngyösi Noémi Krisztina  |h [elektronikus dokumentum] 
246 1 1 |a A kis-, és középvállakozások stratégiatervezési hiányosságainak, valamint két adaptálható modellnek a bemutatása 
516 |a Project_work 
695 |a Vállalkozás 
695 |a kivállósági modell 
695 |a BSc 
700 1 |a Mosolygó-Kiss Ágnes  |e ths 
856 4 0 |u http://dolgozattar.uni-bge.hu/22090/1/Gyongyosi%20Noemi%20KrisztinaS21A3T_z%C3%A1r%C3%B3dolgozat.pdf  |z Dokumentum-elérés